<?xml version="1.0" encoding="UTF-8"?>
<collection xmlns="http://www.loc.gov/MARC21/slim">
 <record>
  <leader>01123pamaa2200205   4500</leader>
  <controlfield tag="001">0000046359</controlfield>
  <controlfield tag="005">20091118090000.0</controlfield>
  <controlfield tag="008">091118                             eng  </controlfield>
  <datafield tag="020" ind1="0" ind2="0">
   <subfield code="a">9780199208463 </subfield>
  </datafield>
  <datafield tag="090" ind1="0" ind2="0">
   <subfield code="a">QC16.S26 </subfield>
   <subfield code="b">FRA 2008</subfield>
  </datafield>
  <datafield tag="100" ind1="1" ind2="0">
   <subfield code="a">Fraser </subfield>
  </datafield>
  <datafield tag="245" ind1="1" ind2="0">
   <subfield code="a">Cosmic anger : </subfield>
   <subfield code="b">Abdus Salam - the first Muslim Nobel scientist  </subfield>
   <subfield code="c">Gordon Fraser.</subfield>
  </datafield>
  <datafield tag="260" ind1="0" ind2="0">
   <subfield code="a">Oxford ; New York: </subfield>
   <subfield code="b">Oxford University Press, </subfield>
   <subfield code="c">2008.</subfield>
  </datafield>
  <datafield tag="300" ind1=" " ind2=" ">
   <subfield code="a">xiii, 305 p., [16] p. of plates: </subfield>
   <subfield code="b">ill., maps; </subfield>
   <subfield code="c">23 cm.</subfield>
  </datafield>
  <datafield tag="504" ind1="0" ind2="0">
   <subfield code="a">Includes bibliographical references (p. [291]-294) and index</subfield>
  </datafield>
  <datafield tag="505" ind1="0" ind2="0">
   <subfield code="a">A turban in Stockholm -- The tapestry of a subcontinent -- Messiahs, mahdis, and ahmadis -- A mathematical childhood -- From mathematics to physics -- The men who knew infinities -- Not so splendid isolation -- 'Think of something better' -- The arrogant theory -- Uniting Nations of science -- Trieste -- Electroweak -- Quark liberation front -- Demise -- Prejudice and pride</subfield>
  </datafield>
  <datafield tag="600" ind1="1" ind2="0">
   <subfield code="a">Salam, </subfield>
   <subfield code="h">Abdus, </subfield>
   <subfield code="c">1926-</subfield>
  </datafield>
  <datafield tag="650" ind1="0" ind2="0">
   <subfield code="a">Physicists -- </subfield>
   <subfield code="x">Biography -- </subfield>
   <subfield code="z">Pakistan </subfield>
  </datafield>
  <datafield tag="650" ind1="0" ind2="0">
   <subfield code="a">Nobel Prize winners -- </subfield>
   <subfield code="x">Biography -- </subfield>
   <subfield code="z">Pakistan </subfield>
  </datafield>
  <datafield tag="901" ind1=" " ind2=" ">
   <subfield code="u">www.oup.com</subfield>
  </datafield>
 </record>
</collection>
